Siderofóry v syntéze moderných liečiv

Salvato in:
Dettagli Bibliografici
Autore principale: Peťková, Nikola (Autore)
Altri autori: Jakubec, Pavol (Relatore della tesi)
Natura: Manoscritto Libro
Lingua:slovacco
Pubblicazione: 2025
Soggetti:
Accesso online:http://is.stuba.sk/zp/portal_zp.pl?podrobnosti=176214
Tags: Aggiungi Tag
Nessun Tag, puoi essere il primo ad aggiungerne!!

MARC

LEADER 00000ntm a22000003a 4500
001 stuzp105254
003 SK-STU
005 20250628212509.6
007 ta
008 150427s2015----xo-----f-mn---000-0-slo-d
040 |a STU  |b slo 
041 0 |a slo 
100 1 |a Peťková, Nikola  |u 048140  |4 aut  |U FCHPT Ústav organickej chémie, katalýzy a petrochémie  |T FCHPT Oddelenie organickej chémie  |X 121520  |U C8140  |Y 124  |7 121520 
242 0 1 |a Siderophores in the synthesis of modern drugs  |y eng 
245 1 0 |a Siderofóry v syntéze moderných liečiv 
260 |c 2025 
650 4 |a sideromycín  |2 slo 
650 4 |a biologická aktivita  |2 slo 
650 4 |a siderofór  |2 slo 
650 4 |a siderophore  |2 eng 
650 4 |a sideromycin  |2 eng 
650 4 |a biological activity  |2 eng 
700 1 |a Jakubec, Pavol  |u 048140  |k Z1  |4 ths  |U FCHPT Ústav organickej chémie, katalýzy a petrochémie  |T FCHPT Oddelenie organickej chémie  |X 4023  |U C8140  |Y 124  |7 A000004023 
856 4 |u http://is.stuba.sk/zp/portal_zp.pl?podrobnosti=176214